Florida Panthers Stanley Cup Roster (2024) - Statistics

General Stats
  • This quiz has been taken 41 times
  • The average score is 16 of 31
Answer Stats
Position Player % Correct
G Sergei Bobrovsky
100%
F Aleksander Barkov
97%
F Matthew Tkachuk
91%
F Sam Reinhart
91%
F Carter Verhaeghe
85%
F Anton Lundell
82%
D Gustav Forsling
82%
D Aaron Ekblad
79%
D Niko Mikkola
79%
F Eetu Luostarinen
76%
F Sam Bennett
76%
D Brandon Montour
70%
F Evan Rodrigues
61%
G Anthony Stolarz
48%
D Oliver Ekman-Larsson
48%
D Dmitry Kulikov
45%
F Vladimir Tarasenko
45%
F Vladimir Tarasenko
45%
F Ryan Lomberg
42%
F Nick Cousins
36%
F Jonah Gadjovich
33%
F Kevin Stenlund
30%
F Kyle Okposo
30%
F* Mackie Samoskevich
30%
D* Uvis Balinskis
30%
F Steven Lorentz
27%
D Josh Mahura
15%
F* Justin Sourdif
9%
D* Tobias Bjornfot
9%
F* William Lockwood
6%
D* Mike Reilly
3%
No matching quizzes found
Score Distribution
Percent of People with Each Score
Percentile by Number Answered
Your Score History
You have not taken this quiz